| 000 | 00479nam a2200181Ia 4500 | ||
|---|---|---|---|
| 999 |
_c173 _d173 |
||
| 020 | _a0 85012 061 6 | ||
| 082 | _a004.07 COM; | ||
| 245 | 0 | _aComputers and the year 2000 | |
| 260 |
_as.l. _bNCC Publications _c1972 |
||
| 300 | _a319p. | ||
| 504 | _aIncludes bibliography | ||
| 650 | _aComputer science - 2000 | ||
| 650 | _aComputer systems | ||
| 650 | _aComputers and civilization | ||
| 650 | _aComputers - Study and teaching | ||
| 700 | _aLord Avebury...[et al] | ||
| 942 | _cBK | ||